| 000 | 00380nam a22001457a 4500 | ||
|---|---|---|---|
| 082 | _aT-34 | ||
| 100 |
_aNaeem Akhtar _948378 |
||
| 245 |
_aA feasibility study of soil for inundation _cNaeem Akhtar |
||
| 260 |
_aRisalpur _bMCE _c18-3-1996 |
||
| 300 |
_a144p.: _c40cm. |
||
| 526 |
_a0 _b0 _c0 _dT_34 |
||
| 650 |
_aThesis _934811 |
||
| 700 |
_amuhammad jamil _947752 |
||
| 942 |
_2ddc _cBK |
||
| 999 |
_c551348 _d551348 |
||